Samos International Airport Destinations (Samos Island, Greece) - Statistics

General Stats
  • This quiz has been taken 46 times
    11 since last reset
  • The average score is 18 of 27
Answer Stats
Airline Destination % Correct
Corendon Dutch Airlines/Transavia/TUI fly Netherlands Amsterdam
100%
Aegean Airlines/Sky Express Athens
100%
Brussels Airlines/TUI fly Belgium Brussels
100%
TUI Airways London (Gatwick)
100%
Jet2.com London (Stansted)
100%
Jet2.com Birmingham
86%
Scandinavian Airlines Copenhagen
86%
Scandinavian Airlines/TUI fly Nordic Gothenburg
86%
Jet2.com Manchester
86%
Neos Milan (Malpensa)
86%
Scandinavian Airlines/TUI fly Nordic Oslo
86%
Smartwings Prague
86%
Scandinavian Airlines/TUI fly Nordic Stockholm (Arlanda)
86%
Austrian Airlines Vienna
86%
Edelweiss Air Zürich
86%
Condor/Eurowings Düsseldorf
71%
Condor Frankfurt
71%
Condor Hamburg
71%
Condor/Discover Airlines Munich
71%
Neos Verona
57%
Sky Express Rhodes
43%
Olympic Air/Sky Express Thessaloniki
43%
Scandinavian Airlines Trondheim
29%
Trade Air Ljubljana
14%
Sky Express Chios
0%
Sky Express Lemnos
0%
Sky Express Mytilene
0%
No matching quizzes found
Score Distribution
Percent of People with Each Score
Percentile by Number Answered
Your Score History
You have not taken this quiz since the last reset